| 000 | 00611nam a2200181 i 4500 | ||
|---|---|---|---|
| 001 | 104035 | ||
| 003 | ES-MaACL | ||
| 005 | 20251203063031.0 | ||
| 007 | t| | ||
| 008 | 051122s1910 gw ||||1| ger d | ||
| 100 | 1 |
_aMeyer, Georg, _d1841-1900 _980790 |
|
| 245 | 1 | 0 |
_aLehrbuch des deutschen Verwaltungsrechtes _b: nach dem tode des verfassers in / von Georg Meyer,....; Dritter Auflage bearbeitet von Franz Dochow. |
| 260 |
_aLiepzig : _bDuncker & Humblot, _c1910. |
||
| 300 |
_aXIV, 762 p. ; _c23 cm. |
||
| 700 | 1 |
_aDochow, Franz. _944957 |
|
| 852 |
_aES-MaACL _jD-3394 |
||
| 999 |
_c104035 _d104035 |
||